000 00573nam a2200229Ia 4500
003 OSt
005 20220924133306.0
006 a|||||r|||| 00| 0
007 ta
008 220923b |||||||| |||| 00| 0 san d
024 _a263688
037 _cTextual
040 _aARTS
_cARTS
_bsan
041 _2san
_asan
082 _aDelta2y7M63, 15K4
100 _aApurvanand
_9203738
245 0 _aYugachaya - Vivekananda
260 _c1964
300 _a399p.
_ccm.
942 _hDelta2y7M63, 15K4
_cTEXL
_2CC
999 _c433296
_d433296